000 00766nam a2200241Ia 4500
003 OSt
005 20220923215432.0
006 a|||||r|||| 00| 0
007 ta
008 220922b |||||||| |||| 00| 0 hin d
024 _a178,704
037 _cTextual
040 _aARTS
_cARTS
_bhin
041 _2hin
_ahin
082 _aO152,1M89w, M9;1
100 _aशाह, रमेशचन्द्र
245 0 _aजयशंकर प्रसाद
246 _aJayashankar prasāda
260 _aदिल्ली
_b साहित्य अकादेमी प्रकाशन
_c1985
300 _a91 पृ.
_ccm.
942 _hO152,1M89w, M9;1
_cTEXL
_2CC
999 _c332085
_d332085